000 00537nam a2200205Ia 4500
005 20250923144710.0
008 008 250917s9999 xx 000 0 eng d
037 _aTextual
040 _aDSWL
_beng
_cDSWL
041 _aeng
_2eng
084 _qDSWL
100 _aHobhouse, L.T.
_9827505
245 0 _aMorals in evaluation
_cby L.T. Hobhouse
260 _aLondon
_bMarrisbinsberg Chapman & Hall
_c1951
300 _aliv,648p.
365 _aINR
_b35
925 _g35
942 _cTEXL
999 _c1442213
_d1442213